2023-24 top 30 NHL points leader - Statistics

General Stats
  • This quiz has been taken 78 times
  • The average score is 22 of 30
Answer Stats
Points Answer % Correct
120 Artemi Panarin
98%
132 Connor McDavid
97%
106 Leon Draisaitl
97%
140 Nathan MacKinnon
97%
144 Nikita Kucherov
97%
90 Cale Makar
93%
92 Quinn Hughes
93%
94 Sidney Crosby
92%
107 Auston Matthews
90%
104 Mikko Rantanen
88%
85 Mitch Marner
85%
110 David Pastrnak
81%
80 Aleksander Barkov
80%
88 Matthew Tkachuk
80%
90 Brayden Point
75%
98 William Nylander
75%
81 Steven Stamkos
73%
89 Elias Pettersson
71%
103 J.T Miller
71%
89 Sebastian Aho
71%
96 Kirill Kaprizov
68%
80 Jason Robertson
64%
77 Zach Hyman
61%
85 Roman Josi
58%
94 Sam Reinhart
58%
94 Filip Forsberg
44%
82 Evan Bouchard
41%
80 Matthew Barzal
41%
83 Jesper Bratt
32%
86 Robert Thomas
29%
No matching quizzes found
Score Distribution
Percent of People with Each Score
Percentile by Number Answered
Your Score History
You have not taken this quiz